000 01198nam a22002657a 4500
001 30716
003 BD-RjUL
005 20211209051615.0
008 140412s1989 b a|||| b||| 00| 0 eng d
035 _a(BD-RjUL)30803
040 _aBD-RjUL
_beng
_cBD-RjUL
_dBD-RjUL
041 _aeng
082 _221
_a388.112095492 1989
110 _aUnited States. Agency for International Development.
_bOffice of Rural and Institutional Development.
_993348
245 _aBangladesh rural and feeder roads sector assessment /
_cUnited States. Agency for International Development. Office of Rural and Institutional Development.; Decentralization: Finance and Management Project.; Associates in Rural Development, Inc.
260 _aBurlington, Vt. :
_bAssociates in Rural Development,
_c1989.
300 _aviii, 51 p. :
_bIll. ;
_c28cm.
500 _a~Funded by: USAID/Dhaka"
504 _aIncludes bibliographical references.
650 _aRoads
_xCosts
_zBangladesh.
_993349
650 _aRoads
_xMaintenance and repair
_zBangladesh.
_993350
710 _aDecentralization: Finance and Management Project (DFM).
_993351
710 _aAssociates in Rural Development, Inc.
_993352
942 _2ddc
_cDOC
999 _c30716
_d30716